Anagrammes de Pays en énigmes #4 - Statistiques

Statistiques générales
  • Ce quiz a été pris 1 689 fois
  • Le résultat moyen est 11 sur 30
Statistiques - réponses
Hint Réponse % Correct
3ème personne IL
95%
C'est mieux qu'il soit négatif pour la COVID TEST
92%
Pas le cadet AINE
84%
Shrek en est un OGRE
84%
Au bout du bras MAIN
79%
Peut être de réglisse, de berger, de marche ... BATON
71%
Arbre festif SAPIN
69%
Pas le périmètre AIRE
67%
Fixe les cheveux GEL
58%
Partie du visage MENTON
57%
Série de 9 films d'horreur SAW
47%
MENTON + OGRE MONTENEGRO
39%
AIRE + GEL ALGERIE
35%
BATON + SAW BOTSWANA
35%
Homme religieux MOINE
35%
Comme un pinson GAI
33%
De même que : à l'______ de INSTAR
31%
RIEN
23%
RIEN + GAI NIGERIA
15%
Petite lucarne TELE
14%
Rouge, Noire ou Jaune MER
13%
AINE + MER ARMENIE
10%
INSTAR + MAIN SAINT MARIN
9%
HIC + IL CHILI
8%
Problème selon Jenifer HIC
7%
Habitante du 1er pays CHILIENNE
6%
SAPIN + TELE PALESTINE
6%
MOINE + QUID DOMINIQUE
3%
TEST + CHILIENNE LIECHTENSTEIN
3%
Adverbe interrogatif QUID
2%
Aucun quiz correspondant
Distribution des résultats
% des personnes avec chaque résultat
Percentile par nombre de réponses
Votre historique - résultats
Vous n’avez pas pris ce quiz